=LDR 00000nam 2200000 4500 =001 INLIS000000000005862 =005 20251029011117 =035 ##$$a 0010-1025000917 =007 ta =008 251029###########################0#ind## =082 ##$$a 305.4 =084 ##$$a 305.4 IDA w =100 #$$a Ida Sukaman =245 1#$$a Wanita dalam Pembangunan /$c Badan Koordinasi Keluarga Berencana Nasional =260 ##$:$b Badan Koordinasi Keluarga Berencana Nasional,$c 1986 =300 ##$$a 10 Hal : $b Ilus ; $c 21 =650 #4$$a Keluarga Berencana =856 ##$$a Perpustakaan Kemendukbangga